Top Languages per US State Quiz Stats

 Plays Quiz Updated Jul 20, 2015

Challenge
Share
Tweet
Embed
Score 0/250 Timer 04:00
0 Plays Today
Hint Answer % Correct
AlaskaSpanish
99.5%
AlabamaSpanish
99.5%
ArkansasSpanish
99.5%
ArizonaSpanish
99.5%
CaliforniaSpanish
99.5%
ColoradoSpanish
99.5%
ConnecticutSpanish
99.5%
DelawareSpanish
99.5%
FloridaSpanish
99.5%
GeorgiaSpanish
99.5%
HawaiiSpanish
99.5%
IowaSpanish
99.5%
IdahoSpanish
99.5%
IllinoisSpanish
99.5%
IndianaSpanish
99.5%
KansasSpanish
99.5%
KentuckySpanish
99.5%
LouisianaSpanish
99.5%
MassachusettsSpanish
99.5%
MarylandSpanish
99.5%
MaineSpanish
99.5%
MichiganSpanish
99.5%
MinnesotaSpanish
99.5%
MissouriSpanish
99.5%
MississippiSpanish
99.5%
MontanaSpanish
99.5%
North CarolinaSpanish
99.5%
North DakotaSpanish
99.5%
NebraskaSpanish
99.5%
New HampshireSpanish
99.5%
New JerseySpanish
99.5%
New MexicoSpanish
99.5%
NevadaSpanish
99.5%
New YorkSpanish
99.5%
OhioSpanish
99.5%
OklahomaSpanish
99.5%
OregonSpanish
99.5%
PennsylvaniaSpanish
99.5%
Rhode IslandSpanish
99.5%
South CarolinaSpanish
99.5%
South DakotaSpanish
99.5%
TennesseeSpanish
99.5%
TexasSpanish
99.5%
UtahSpanish
99.5%
VirginiaSpanish
99.5%
VermontSpanish
99.5%
WashingtonSpanish
99.5%
WisconsinSpanish
99.5%
West VirginiaSpanish
99.5%
WyomingSpanish
99.5%
LouisianaFrench
98.6%
AlabamaFrench
98.5%
ArkansasFrench
98.5%
ColoradoFrench
98.5%
ConnecticutFrench
98.5%
DelawareFrench
98.5%
FloridaFrench
98.5%
GeorgiaFrench
98.5%
IdahoFrench
98.5%
IndianaFrench
98.5%
KansasFrench
98.5%
KentuckyFrench
98.5%
MassachusettsFrench
98.5%
MarylandFrench
98.5%
MaineFrench
98.5%
MichiganFrench
98.5%
MissouriFrench
98.5%
MississippiFrench
98.5%
MontanaFrench
98.5%
North CarolinaFrench
98.5%
North DakotaFrench
98.5%
NebraskaFrench
98.5%
New HampshireFrench
98.5%
NevadaFrench
98.5%
New YorkFrench
98.5%
OhioFrench
98.5%
OklahomaFrench
98.5%
Rhode IslandFrench
98.5%
South CarolinaFrench
98.5%
TennesseeFrench
98.5%
VermontFrench
98.5%
WisconsinFrench
98.5%
West VirginiaFrench
98.5%
WyomingFrench
98.5%
Hint Answer % Correct
AlabamaChinese
96%
ArkansasChinese
95.8%
ArizonaChinese
95.8%
CaliforniaChinese
95.8%
ColoradoChinese
95.8%
DelawareChinese
95.8%
GeorgiaChinese
95.8%
HawaiiChinese
95.8%
IowaChinese
95.8%
IdahoChinese
95.8%
IllinoisChinese
95.8%
IndianaChinese
95.8%
KansasChinese
95.8%
KentuckyChinese
95.8%
LouisianaChinese
95.8%
MassachusettsChinese
95.8%
MarylandChinese
95.8%
MaineChinese
95.8%
MichiganChinese
95.8%
MinnesotaChinese
95.8%
MissouriChinese
95.8%
MississippiChinese
95.8%
North CarolinaChinese
95.8%
NebraskaChinese
95.8%
New HampshireChinese
95.8%
New JerseyChinese
95.8%
New YorkChinese
95.8%
OhioChinese
95.8%
OklahomaChinese
95.8%
OregonChinese
95.8%
PennsylvaniaChinese
95.8%
Rhode IslandChinese
95.8%
South CarolinaChinese
95.8%
TennesseeChinese
95.8%
TexasChinese
95.8%
UtahChinese
95.8%
VirginiaChinese
95.8%
WashingtonChinese
95.8%
WisconsinChinese
95.8%
West VirginiaChinese
95.8%
WyomingChinese
95.8%
AlabamaGerman
95%
ArkansasGerman
95%
ArizonaGerman
95%
ColoradoGerman
95%
DelawareGerman
95%
FloridaGerman
95%
IowaGerman
95%
IdahoGerman
95%
IllinoisGerman
95%
IndianaGerman
95%
KansasGerman
95%
KentuckyGerman
95%
MaineGerman
95%
MichiganGerman
95%
MinnesotaGerman
95%
MissouriGerman
95%
MontanaGerman
95%
North CarolinaGerman
95%
North DakotaGerman
95%
NebraskaGerman
95%
New HampshireGerman
95%
New MexicoGerman
95%
NevadaGerman
95%
OhioGerman
95%
OklahomaGerman
95%
OregonGerman
95%
PennsylvaniaGerman
95%
South CarolinaGerman
95%
South DakotaGerman
95%
TennesseeGerman
95%
TexasGerman
95%
UtahGerman
95%
VermontGerman
95%
WisconsinGerman
95%
West VirginiaGerman
95%
WyomingGerman
95%
HawaiiJapanese
90.9%
WyomingJapanese
90.9%
AlaskaRussian
88.9%
IdahoRussian
88.9%
MaineRussian
88.9%
MinnesotaRussian
88.9%
New YorkRussian
88.9%
Hint Answer % Correct
OregonRussian
88.9%
VermontRussian
88.9%
ConnecticutItalian
87.8%
DelawareItalian
87.8%
FloridaItalian
87.8%
MassachusettsItalian
87.8%
New JerseyItalian
87.8%
New YorkItalian
87.8%
PennsylvaniaItalian
87.8%
Rhode IslandItalian
87.8%
West VirginiaItalian
87.8%
ConnecticutPortuguese
79.6%
FloridaPortuguese
79.6%
MassachusettsPortuguese
79.6%
New HampshirePortuguese
79.6%
New JerseyPortuguese
79.6%
Rhode IslandPortuguese
79.6%
LouisianaArabic
76.9%
MichiganArabic
76.9%
TennesseeArabic
76.9%
CaliforniaKorean
69.6%
GeorgiaKorean
69.6%
MarylandKorean
69.6%
NevadaKorean
69.6%
VirginiaKorean
69.6%
WashingtonKorean
69.6%
ConnecticutPolish
63.5%
IllinoisPolish
63.5%
AlabamaVietnamese
60.7%
ArkansasVietnamese
60.7%
ArizonaVietnamese
60.7%
CaliforniaVietnamese
60.7%
ColoradoVietnamese
60.7%
GeorgiaVietnamese
60.7%
IowaVietnamese
60.7%
KansasVietnamese
60.7%
LouisianaVietnamese
60.7%
MississippiVietnamese
60.7%
North CarolinaVietnamese
60.7%
NebraskaVietnamese
60.7%
OklahomaVietnamese
60.7%
OregonVietnamese
60.7%
South DakotaVietnamese
60.7%
TexasVietnamese
60.7%
VirginiaVietnamese
60.7%
WashingtonVietnamese
60.7%
AlaskaTagalog
45.5%
CaliforniaTagalog
45.5%
HawaiiTagalog
45.5%
IllinoisTagalog
45.5%
New JerseyTagalog
45.5%
NevadaTagalog
45.5%
South CarolinaTagalog
45.5%
South DakotaTagalog
45.5%
TexasTagalog
45.5%
UtahTagalog
45.5%
VirginiaTagalog
45.5%
WashingtonTagalog
45.5%
AlaskaInupik
42.4%
North DakotaNorwegian
39.7%
ArizonaNavajo
28.6%
New MexicoNavajo
28.6%
UtahNavajo
28.6%
MissouriSerbian/Croatian
22.8%
North DakotaSerbian/Croatian
22.8%
VermontSerbian/Croatian
22.8%
IowaSerbian/Croatian
22.3%
KentuckySerbian/Croatian
22.3%
MinnesotaHmong
18.1%
WisconsinHmong
18.1%
South DakotaDakota
7.3%
IndianaPennsylvania Dutch
6.4%
OhioPennsylvania Dutch
6.4%
PennsylvaniaPennsylvania Dutch
6.4%
AlaskaYupik
5.4%
MarylandKru, Ibo & Yoruba
3%
MississippiChoctaw
2.7%
MontanaCrow
2.7%
MontanaBlackfoot
2.5%
New MexicoZuni
2%
HawaiiIlocano
1.2%
New MexicoKeres
1.1%

You're not logged in!

Compare scores with friends on all Sporcle quizzes.
Join for Free
OR
Log In

You Might Also Like...

Show Comments

Extras

Top Quizzes Today


Score Distribution

Your Account Isn't Verified!

In order to create a playlist on Sporcle, you need to verify the email address you used during registration. Go to your Sporcle Settings to finish the process.

Report this User

Report this user for behavior that violates our Community Guidelines.

Details: